ALM- riadenie aktív a pasív v životnom poistení
Informácia o zámeroch a cieľoch dizeratačnej práce, obhajoba ktorej sa konala 21. septembra 2010.
Saved in:
| Main Author: | |
|---|---|
| Format: | Book Chapter |
| Language: | Slovak |
| Subjects: | |
| Tags: |
No Tags, Be the first to tag this record!
|
MARC
| LEADER | 00000naa a2200000 4500 | ||
|---|---|---|---|
| 001 | 0126558 | ||
| 005 | 20240502072437.5 | ||
| 041 | 0 | |a slo | |
| 044 | |a SK | ||
| 245 | 1 | 0 | |a ALM- riadenie aktív a pasív v životnom poistení |c Andrea Toncsenková |
| 520 | |a Informácia o zámeroch a cieľoch dizeratačnej práce, obhajoba ktorej sa konala 21. septembra 2010. | ||
| 610 | 2 | 0 | |a práce kvalifikačné |
| 610 | 2 | 0 | |a poistenie životné |
| 610 | 2 | 0 | |a aktíva |
| 610 | 2 | 0 | |a pasíva |
| 610 | 2 | 0 | |a matematika poistná |
| 100 | 1 | |a Toncsenková, Andrea | |